| 000 | 00613nam a22001937a 4500 | ||
|---|---|---|---|
| 005 | 20170809162113.0 | ||
| 010 | _aENG-119603 | ||
| 020 |
_a9788123019963 _c130.00 |
||
| 035 | _aEN-103135 | ||
| 037 | _bDBAD/PUB | ||
| 082 | _a921 | ||
| 100 | _aBose,S.K. | ||
| 245 |
_aBuilders of modern India : _cby S.K. Bose _bBankim Chandra Chatterji / |
||
| 260 |
_aNew Delhi _bPublications Division _c2015 |
||
| 270 | _aSoochna Bhawan, CGO Complex, Lodhi Road. New Delhi-110003 | ||
| 300 |
_a154p _c23cm.(pbk) |
||
| 500 | _aIncludes bibliographical references and index | ||
| 942 |
_2ddc _cEN _h921 _mCHA |
||
| 999 |
_c143208 _d143208 |
||